000 00273nam a22001337a 4500
008 170303b xxu||||| |||| 00| 0 eng d
020 _a9781590181034
041 _aeng
080 _a575
100 _a6
101 _aSHM
245 _aGENETICS
_cTAYLOR.R
942 _2udc
_cBK
999 _c6772
_d6772